000 00332 a2200157 4500
001 193073
020 _a978-85-329-0826-1
040 _cMagnum
100 _aMota, Marcos
240 1 0 _aO enigma dos dados
_lpor
245 1 0 _aO enigma dos dados
300 _a176
362 0 _a2017
697 _aLITERATURA JUVENIL
942 _cBK
999 _c193073
_d193073